000 00436nam a2200169 a 4500
005 20140414132054.0
008 121023s19uu xx 00 eng d
020 _a0439242312
050 _aTR 513.2
_bR281 2002
100 _aRegan, Dana
245 _aRecess countdown:
_blevel 3.
260 _aNew York :
_bScholastic Inc,
_c2002.
300 _a30
440 _aHello Math Reader!
650 _aNumber-
_xcounting.
999 _c114267
_d114267